LEADER 01251nam a2200301 a 4500 001 000000168285 003 CaOOAMICUS 005 20180615100912.0 008 180615s2018 it u000 u ita r 020 $z978-88-598-1878-6* 032 $aLibriCat 040 $aPUL$bita 082 04$a364 100 1 $aFornari, Ugo.$0(OLS)http://pul/name/49142 245 10$aTrattato di psichiatria forense /$cUgo Fornari. 250 $a7. ed. 260 $aTorino :$bUTET Giuridica,$c©2018. 300 $a2 v. ;$c24 cm. 650 4$aPsichiatria forense.$0(OLS)http://pul/subject/25963 850 $aPUL 852 $aPUL$W1$xSL Diritto e Scienze Sociali 3$y79$m364 FORUG 1.1$j191810$bv. 1$qDDC 21$B196171$CPULBib$Z2$F196171 $H131021 $81 852 $aPUL$W1$xSL Diritto e Scienze Sociali 3$y79$m364 FORUG 1.2$j191811$bv. 2$qDDC 21$B196172$CPULBib$Z2$F196172 $H131022 $81 941 1 $a9 996 $6020$z978-88-598-1878-6* $9(OLS)http://pul/number/164355 996 $6082$a364$9(OLS)http://pul/classification/2136 996 $6245$aTrattato di psichiatria forense$9(OLS)http://pul/title/97421 996 $6260$aTorino :$bUTET Giuridica$9(OLS)http://pul/publisher/79191 LEADER 02041namaa2200397 i 4500 001 000000178629 003 CaOOAMICUS 005 20260327124529.0 007 tu 008 260327s2023 it h 000 udita r 020 $a979-12-5469-326-1* 040 $aPUL$bita$erda 082 0 $a282.092 245 13$aIl magistero di Giovanni Paolo I :$buno studio storico e teologico attraverso le carte d'archivio /$ca cura di Stefania Falasca e Flavia Tudini . 250 $aPrima edizione aprile 2023 264 4$c©2023. 264 1$aRoma :$bViella,$c[2023] 300 $a178 pagine :$bfacsmili ;$c21 cm 336 $atesto$btxt$2rdacontent 337 $asenza mediazione$bn$2rdamedia 338 $avolume$bnc$2rdacarrier 500 $aIl volume č frutto della prima giornata di studi dedicata al Magistero di Giovanni Paolo I sulla base dell?acquisizione delle fonti promossa dalla Fondazione Vaticana Giovanni Paolo I in collaborazione con il Dipartimento di Teologia dogmatica della Pontificia Universitą Gregoriana. 504 $aBibliografia in nota a pič pagina. 600 04$aIohannes Paulus PP.$bI,$d1912-1978$xBiografia.$0(OLS)http://pul/subject/24386 700 1 $aFalasca, Stefania,$d1963-,$ecuratore.$0(OLS)http://pul/name/98511 700 1 $aTudini, Flavia,$d1990-,$ecuratore.$0(OLS)http://pul/name/114950 710 0 $aFondazione vaticana Giovanni Paolo I$esponsor.$0(OLS)http://pul/name/114951 850 $aPUL 852 $aPUL$W1$xSL Religione 3$y85$m282. 092 FVGPI 1$j202401$qDDC 21$B207781$CPULBib$Z2$F207781 $H138502 $82 941 1 $a9 996 $6020$a979-12-5469-326-1*$9(OLS)http://pul/number/170909 996 $6082$a282.092$9(OLS)http://pul/classification/402 996 $6245$aIl magistero di Giovanni Paolo I :$buno studio storico e teologico attraverso le carte d'archivio$9(OLS)http://pul/title/220212 996 $6264$aRoma :$bViella$9(OLS)http://pul/publisher/54599 996 $6264$a[S.l.] :$b[s.n.]$9(OLS)http://pul/publisher/0